| 000 -LEADER |
| fixed length control field |
00995nam a22001457a 4500 |
| 008 - FIXED-LENGTH DATA ELEMENTS--GENERAL INFORMATION |
| fixed length control field |
240920b ||||| |||| 00| 0 eng d |
| 100 ## - MAIN ENTRY--PERSONAL NAME |
| Personal name |
Sinha, Shishir |
| 245 ## - TITLE STATEMENT |
| Title |
Salaried class and consumer: Key to Viksit Bhharat |
| 260 ## - PUBLICATION, DISTRIBUTION, ETC. (IMPRINT) |
| Place of publication, distribution, etc |
Yojana |
| 300 ## - PHYSICAL DESCRIPTION |
| Extent |
68(9), Sep, 2024: p.25-28 |
| 520 ## - SUMMARY, ETC. |
| Summary, etc |
The union budget 2024-25 focuses on achieving a $10 trillion GDP by 2033 and a ‘developed country’ status by 2047 through a virtuous cycle involving salaried individuals and consumers. Key measures include rising the standard deduction, changing tax slabs, introducing the employment linked incentive (ELI) schemes, and a paid internships, schema. For consumers, the budget aims to increase disposable income and reduce prices, with actions such as reduced customs duties and plans for GST rat rationalism. The budget emphasizes enhancing regular income and consumption, to support economic growth. – Reproduced |
| 773 ## - HOST ITEM ENTRY |
| Main entry heading |
Yojana |
| 906 ## - LOCAL DATA ELEMENT F, LDF (RLIN) |
| Subject DIP |
PUBLIC FINANCE |
| 942 ## - ADDED ENTRY ELEMENTS (KOHA) |
| Item type |
Articles |